Statistics for Name the 9 Battleships of the U.S. Pacific Fleet on December 7th, 1941

Click here to take the quiz!

General Stats

  • This quiz has been taken 537 times
  • The average score is 6 of 9

Answer Stats

HintAnswer% Correct
BB-39Arizona
98%
BB-37Oklahoma
70%
BB-44California
70%
BB-36Nevada
68%
BB-48West Virginia
56%
BB-38Pennsylvania
55%
BB-43Tennessee
50%
BB-45Colorado
50%
BB-46Maryland
49%

Score Distribution

Percentile by Number Answered

Percent of People with Each Score

Your Score History

You have not taken this quiz